| 000 | 00775cam a2200241 a 4500 | ||
|---|---|---|---|
| 001 | 1561005 | ||
| 005 | 20180207045149.0 | ||
| 008 | 920825s1993 mau b 001 0 eng | ||
| 010 | _a 92032594 | ||
| 020 | _a0316744174 | ||
| 040 |
_aDLC _cDLC _dDLC |
||
| 041 | _aeng | ||
| 043 | _an-us--- | ||
| 080 | _a344.73/041 EDW | ||
| 082 | 0 | 0 |
_a344.73/041 EDW _a347.30441 _220 |
| 100 | 1 | _a14 | |
| 101 | _aLAW | ||
| 245 | 1 | 0 |
_aLaw and the physician : _cEdward P. Richards, Katharine C. Rathbun. |
| 504 | _aIncludes bibliographical references and index. | ||
| 906 |
_a7 _bcbc _corignew _d1 _eocip _f19 _gy-gencatlg |
||
| 942 |
_2ddc _cBK |
||
| 999 |
_c41991 _d41991 |
||